01541nam a2200313 a 4500001001000000005001700010008004100027041000800068044000700076050002300083100002400106245016400130260004900294300004900343500001800392500003200410500001000442500005900452500003700511500003000548500002600578500003600604500002100640500005900661500012500720505024100845506009201086650004901178BRCA_869320190320210352.0161216s1726----be-a######---#000-0#lat-# alat abe 4aBX1970b.C54c17261 aUrbani Papae Octavi10aMissale romanum ex decreto sacrosancti concilii tridentini restitutum, PII V. Pont. Max. Jussu editum et clementis VII primum, nunc devuocUrbani Papae Octavi. aAntverpiaebEx typographia plantinianac1726 a1 vol. (con varias paginaciones)bil.c27 cm aFondo antiguo aSe encuentra en Caja Fuerte aLM-53 aPortada impresa en dos tintas negro y rojo con grabado aRubrica al reverso de la portada aUso de letras capitulares aTexto en dos columnas aIncluye 4 grabados y partituras aIncluye índice aCon licentia et approbation ordinari y summa privilegi aNota de encuadernación: piel sobre cartón lomo y margenes dorados con broches metálicos incompletos que no cierran0 aEn el mismo volumen se incluye el missae propia sanctorum hispanorum.-- Missa in festo patrocinni SS. Joseph Confessoris, sponsi beatae virginis mariae duplex.-- Missae propriae sanctorum trium ordinum fratrum minorum S. P. N. Francisci0 aFondo reservado: para su consulta es necesario credencial de usuario y carta de motivos14aIglesia católicaeLiturgia y ritualvMisal